Voyage sentimental à travers la France et l'Italie / (Record no. 145488)

MARC details
000 -LEADER
campo de control de longitud fija 00780nam a2200229 i 4500
001 - NÚMERO DE CONTROL
campo de control 145488
003 - IDENTIFICADOR DE NÚMERO DE CONTROL
campo de control ES-MaACL
005 - FECHA Y HORA DE LA ÚLTIMA TRANSACCIÓN
campo de control 20230906201237.0
007 - CAMPO FIJO DE DESCRIPCIÓN FÍSICA--INFORMACIÓN GENERAL
campo de control de longitud fija t|
008 - DATOS DE LONGITUD FIJA--INFORMACIÓN GENERAL
campo de control de longitud fija 070214s1934 fr |||| |dfre d
080 ## - NÚMERO DE LA CLASIFICACIÓN DECIMAL UNIVERSAL
Número de la Clasificación Decimal Universal 821.111-31"17"
100 1# - ENTRADA PRINCIPAL--NOMBRE DE PERSONA
Nombre de persona Sterne, Laurence.
9 (RLIN) 108138
245 10 - MENCIÓN DEL TÍTULO
Título Voyage sentimental à travers la France et l'Italie /
Mención de responsabilidad, etc. Laurence Sterne ; traduit par Aurélien Digeon.
260 ## - PUBLICACIÓN, DISTRIBUCIÓN, ETC.
Lugar de publicación, distribución, etc. Paris :
Nombre del editor, distribuidor, etc. Éd. Aubier-Montaigne,
Fecha de publicación, distribución, etc. 1934 (
Fabricante Imp. Ramlot)
300 ## - DESCRIPCIÓN FÍSICA
Extensión XXX 130 p. ;
Dimensiones 19 cm.
490 1# - MENCIÓN DE SERIE
Mención de serie Collection bilingue des classiques étrangers
500 ## - NOTA GENERAL
Nota general Texto en inglés y francés.
700 1# - ENTRADA AGREGADA--NOMBRE PERSONAL
Nombre de persona Digeon, Aurélien.
9 (RLIN) 44796
830 0# - PUNTO DE ACCESO ADICIONAL DE SERIE-TÍTULO UNIFORME
Título uniforme Collection bilingue des classiques étrangers
9 (RLIN) 187404
852 ## - LOCALIZACIÓN
Ubicación ES-MaACL
Número de control de estantería A-2556
Holdings
Estatus retirado Estado de pérdida Estado de daño No para préstamo Biblioteca de origen Biblioteca actual Ubicación en estantería Fecha de adquisición Fuente de adquisición Total de préstamos Signatura topográfica completa Código de barras Visto por última vez Precio de reemplazo Tipo de ítem Koha
        Biblioteca del Ateneo de Madrid Biblioteca del Ateneo de Madrid Sala Pecera Planta 1 17/01/2008     A-2556 1151864 23/02/2023 23/02/2023 Libro impreso